Statistics for The Vampire Diaries Quotes Trivia Quiz

Click here to take the quiz!

General Stats

  • This quiz has been taken 3,560 times
  • The average score is 11 of 13

Answer Stats

QuotesAnswer% Correct
"You want a love that consumes you. You want passion and adventure, and even a little danger...I want you to get everything your're looking for."Damon
100%
"I'm just happy that's a blood bag and not a sorority girl supplying your dinner."Stefan
98%
"I'm getting better at it. I'm better than Stefan...he's a...bit of a problem drinker. A bloodaholic."Caroline
96%
"He's your first love, I intend to be your last."Klaus
95%
"If I could spell you out of wanting blood, I would, but I can't, so better you learn this now than at freshman orientation."Bonnie
94%
"Difference is in your case it was true. My dad was a dick."Tyler
91%
"I know you say you don't want to be in my life because you bring all the bad stuff...But I already had the bad stuff, I was buried in it."Elena
90%
"It's sad that you can't just get a ride home from school without thinking there's some ulterior motive."Matt
87%
"Are we really gonna do this? We both know I can rip you to shreds and do my nails at the same time."Katherine Pierce
86%
"You look like a full-grown, alpha male douchebag."Alaric Saltzman
80%
"Well, that's the benefit of knowing someone for over a hundred years. You can just be yourself."Lexi
77%
"He's a vampire. We're a predatory species. We don't have time to care about humans and their silly, little lives."Rebekah
67%
"I refuse to let Elena become the thing I spent my life protecting her against, and you can call that God, or mystical energy, or whatever you want, but yes, I'm putting my faith in it."John Gilbert
64%

Score Distribution

Percentile by Number Answered

Percent of People with Each Score

Your Score History

You have not taken this quiz